| 000 | 00832nam a22002297a 4500 | ||
|---|---|---|---|
| 999 |
_c525560 _d525560 |
||
| 003 | NUST | ||
| 005 | 20190703054042.0 | ||
| 008 | 190703b ||||| |||| 00| 0 eng d | ||
| 038 | _aIESE | ||
| 040 | _c0 | ||
| 050 | _a363.7 SHE | ||
| 082 | _a363.7 SHE | ||
| 100 |
_aMariam Sheikh _916465 |
||
| 245 |
_aInvestigating the temporal changes in precipitation and the spatial extent of consequent flooding in Pakistan _cMariam Sheikh |
||
| 260 |
_aIslamabad _bIESE (SCEE) NUST _c2017 |
||
| 300 |
_a82p. _bH.B |
||
| 440 |
_aMS Environmental Science _91724 |
||
| 500 | _aThesis MS ES | ||
| 650 |
_aEnvironmental Science _91725 |
||
| 700 | _4Dr. M Fahim Khokhar (Supervisor) | ||
| 942 |
_2ddc _cTHE _kIESE |
||